| 000 | 00502 a2200169 4500 | ||
|---|---|---|---|
| 020 | _a8131710009 | ||
| 040 |
_aDLC _bDLC |
||
| 082 | _a621.3822 PRO | ||
| 100 | _aProakis, John G. | ||
| 245 |
_aDigital Signal Processing: principles, alogrithms and applications _cJohn G. Proakis, Manolakis, Dimitris G. |
||
| 250 | _a4th | ||
| 260 |
_aIndia _bPrentice Hall _c2008 |
||
| 300 | _a1136 p | ||
| 500 | _aIncludes Index | ||
| 650 | _aSignal processing --Digital techniques. | ||
| 942 |
_cBK _k621.3822 PRO _2ddc |
||
| 999 |
_c9646 _d9646 |
||